[Event "ITT Copa DIESA"]
[Site "Asuncion"]
[Date "2011.03.09"]
[Round "1.2"]
[White "Dolezal, Cristian"]
[Black "Vazquez, Guillermo"]
[Result "1-0"]
[WhiteElo "2392"]
[BlackElo "2180"]
[PlyCount "99"]
[EventDate "2011.03.09"]

1. g3 Nf6 2. Bg2 g6 3. e4 d6 4. d4 Bg7 5. Ne2 O-O 6. O-O e5 7. Nbc3 exd4 8.
Nxd4 Re8 9. h3 Nbd7 10. Re1 Nc5 11. Bg5 h6 12. Bf4 Ne6 13. Be3 Nc5 14. f3 Nfd7
15. Qd2 Kh7 16. f4 Nb6 17. b3 Ne6 18. Nde2 Bd7 19. Rad1 Bc6 20. g4 Nd7 21. e5
g5 22. exd6 gxf4 23. Nxf4 Nxf4 24. Bxf4 Rxe1+ 25. Rxe1 cxd6 26. Qxd6 Qa5 27.
Bd2 Rd8 28. Qd3+ Kg8 29. Nd5 Qc5+ 30. Be3 Qd6 31. c4 Ne5 32. Qf5 Bd7 33. Qc2 b6
34. Rf1 Bc6 35. Qf5 Bd7 36. Nf6+ Kf8 37. Nxd7+ Rxd7 38. Bd5 Ng6 39. Qf2 Qe7 40.
Re1 Qd6 41. Bd2 Ne5 42. Bf4 Re7 43. Bg3 Qg6 44. Bh4 Rd7 45. Qf4 Qd6 46. Qf5 Rc7
47. Bg3 Re7 48. h4 Qb8 49. g5 Qd6 50. gxh6 1-0

[Event "ITT Copa DIESA"]
[Site "Asuncion"]
[Date "2011.03.09"]
[Round "1.3"]
[White "Perdomo, Leandro"]
[Black "Villalba, Marcelo"]
[Result "1/2-1/2"]
[WhiteElo "2382"]
[BlackElo "2184"]
[PlyCount "30"]
[EventDate "2011.03.09"]

1. Nf3 Nf6 2. g3 g6 3. b3 Bg7 4. Bb2 c5 5. c4 O-O 6. Bg2 Nc6 7. O-O d6 8. d4
cxd4 9. Nxd4 Bd7 10. Nc3 Qc8 11. Qd2 a6 12. Nd5 Nxd5 13. Bxd5 Nxd4 14. Bxd4
Bxd4 15. Qxd4 Bc6 1/2-1/2

[Event "ITT Copa DIESA"]
[Site "Asuncion"]
[Date "2011.03.09"]
[Round "1.3"]
[White "Brito, Luismar"]
[Black "Ojeda, Javier"]
[Result "0-1"]
[WhiteElo "2297"]
[BlackElo "2205"]
[PlyCount "90"]
[EventDate "2011.03.09"]

1. e4 c5 2. Nf3 d6 3. d4 cxd4 4. Nxd4 Nf6 5. Nc3 a6 6. Bg5 e6 7. f4 Be7 8. Qf3
Qc7 9. O-O-O Nbd7 10. Be2 b5 11. Bxf6 Nxf6 12. a3 Rb8 13. Qg3 O-O 14. Bf3 Nd7
15. e5 Bb7 16. Rhe1 dxe5 17. fxe5 b4 18. axb4 Bxb4 19. Re3 Rfd8 20. Be4 Nf8 21.
Rdd3 Bc5 22. Nce2 Bxe4 23. Rxe4 Qb7 24. Nc3 Qxb2+ 25. Kd2 Ba3 26. Nce2 Bb4+ 27.
Ke3 Bc5 28. Kf3 a5 29. Qe1 a4 30. Qa5 a3 31. Qxc5 a2 32. Rd1 Ra8 33. Re3 a1=Q
34. Rxa1 Rxa1 35. Rb3 Rf1+ 36. Kg3 Qa1 37. Nf3 Qa8 38. Rc3 Qe4 39. Nf4 g5 40.
Nh5 Rxf3+ 41. gxf3 Qh4+ 42. Kg2 Rd2+ 43. Kf1 Qxh5 44. Ke1 Qxh2 45. Qe3 Rg2 0-1

[Event "ITT Copa DIESA"]
[Site "Asuncion"]
[Date "2011.03.09"]
[Round "1.5"]
[White "Peralta, Eduardo"]
[Black "Riline, Alejandro"]
[Result "1/2-1/2"]
[WhiteElo "2255"]
[BlackElo "2214"]
[PlyCount "34"]
[EventDate "2011.03.09"]

1. e4 c5 2. Nf3 g6 3. c3 Bg7 4. d4 cxd4 5. cxd4 d5 6. e5 Bg4 7. Qb3 Qd7 8. Nc3
Bxf3 9. gxf3 Nc6 10. Be3 e6 11. Nb5 Bf8 12. a3 a6 13. Nc3 b5 14. Be2 Nge7 15.
a4 b4 16. Nb1 Nf5 17. Qd3 Be7 1/2-1/2

[Event "ITT Copa DIESA"]
[Site "Asuncion"]
[Date "2011.09.10"]
[Round "2.2"]
[White "Ojeda, Javier"]
[Black "Peralta, Eduardo"]
[Result "1/2-1/2"]
[WhiteElo "2205"]
[BlackElo "2255"]
[PlyCount "59"]
[EventDate "2011.03.09"]

1. e4 c5 2. Nf3 g6 3. d4 cxd4 4. Nxd4 Bg7 5. c4 Nc6 6. Nb3 Nf6 7. Nc3 O-O 8.
Be2 d6 9. O-O b6 10. Be3 Bb7 11. Rc1 Nd7 12. Nd4 Rc8 13. Qd2 Nc5 14. f3 Nxd4
15. Bxd4 Bxd4+ 16. Qxd4 e5 17. Qd2 Ne6 18. Rcd1 Nf4 19. g3 Nxe2+ 20. Qxe2 f5
21. Nb5 Rf6 22. Nxa7 Ra8 23. Nb5 Kh8 24. b3 Qc8 25. Qe3 Qc6 26. Nc3 Qc7 27. Nb5
Qc6 28. Nc3 Qc7 29. Nb5 Qc6 30. Nc3 1/2-1/2

[Event "ITT Copa DIESA"]
[Site "Asuncion"]
[Date "2011.09.10"]
[Round "2.3"]
[White "Villalba, Marcelo"]
[Black "Brito, Luismar"]
[Result "1-0"]
[WhiteElo "2184"]
[BlackElo "2297"]
[PlyCount "85"]
[EventDate "2011.03.09"]

1. e4 c5 2. Nf3 d6 3. d4 cxd4 4. Nxd4 Nf6 5. Nc3 a6 6. Bg5 e6 7. f4 Be7 8. Qf3
h6 9. Bh4 Qc7 10. O-O-O Nbd7 11. Be2 Rb8 12. Qg3 Rg8 13. e5 dxe5 14. f5 g5 15.
fxe6 fxe6 16. Rhf1 Nf8 17. Rxf6 Bxf6 18. Ne4 Be7 19. Bh5+ Ng6 20. Nf3 gxh4 21.
Bxg6+ Kf8 22. Qg4 Rg7 23. Qh5 Bd7 24. Nxe5 Ba4 25. Rf1+ Kg8 26. Bf7+ Kh7 27.
Bg6+ Kg8 28. b3 Rf8 29. Rxf8+ Kxf8 30. bxa4 Qd8 31. c3 Qd5 32. Qf3+ Kg8 33.
Nf6+ Bxf6 34. Qxf6 h3 35. Bf7+ Kh7 36. Bg6+ Kg8 37. Nf7 Rxg6 38. Qxg6+ Kf8 39.
Nxh6 Ke7 40. Qg7+ Kd8 41. Nf7+ Ke8 42. Qg8+ Ke7 43. Qg5+ 1-0

[Event "ITT Copa DIESA"]
[Site "Asuncion"]
[Date "2011.09.10"]
[Round "2.4"]
[White "Vazquez, Guillermo"]
[Black "Perdomo, Leandro"]
[Result "1/2-1/2"]
[WhiteElo "2180"]
[BlackElo "2382"]
[PlyCount "66"]
[EventDate "2011.03.09"]

1. d4 Nf6 2. Nf3 g6 3. Bf4 Bg7 4. e3 d6 5. Be2 O-O 6. O-O c5 7. c3 b6 8. a4 a6
9. Nbd2 Bb7 10. h3 Nbd7 11. Bh2 Qc7 12. Nc4 Ne4 13. Rc1 Rfd8 14. b4 e5 15. Nfd2
Nxd2 16. Qxd2 d5 17. Nxe5 Nxe5 18. Bxe5 Bxe5 19. dxe5 Qxe5 20. Bf3 Rd7 21. Rfd1
Rad8 22. Qa2 a5 23. bxc5 bxc5 24. Qa3 Qc7 25. c4 dxc4 26. Rxd7 Rxd7 27. Bxb7
Qxb7 28. Qxc5 Qc7 29. Qxc7 Rxc7 30. Kf1 c3 31. Ke2 Rc4 32. Rc2 Rxa4 33. Rxc3
Ra2+ 1/2-1/2

[Event "ITT Copa DIESA"]
[Site "Asuncion"]
[Date "2011.09.11"]
[Round "3.1"]
[White "Dolezal, Cristian"]
[Black "Latorre, Matias"]
[Result "0-1"]
[WhiteElo "2392"]
[BlackElo "2141"]
[PlyCount "76"]
[EventDate "2011.03.09"]

1. g3 g6 2. Bg2 Bg7 3. c4 d6 4. Nc3 c5 5. d3 Nc6 6. Qd2 Nf6 7. b3 Bd7 8. Bb2
O-O 9. Nh3 e5 10. Ng5 Bh6 11. f4 Nh5 12. Bf3 Ng7 13. O-O-O Nf5 14. Nd5 f6 15.
Ne4 Be6 16. Nec3 Rb8 17. e3 a6 18. Qf2 Nfe7 19. Qg2 Qd7 20. g4 exf4 21. exf4
Nd4 22. Nxe7+ Qxe7 23. Nd5 Bxd5 24. Bxd5+ Kg7 25. Qf2 Bxf4+ 26. Kb1 Qe3 27.
Bxd4 Qxd4 28. Qxd4 cxd4 29. Rde1 Be3 30. Rhf1 b5 31. Kc2 Rh8 32. Bf3 Rhe8 33.
h4 Re5 34. Re2 b4 35. Ra1 Ra5 36. Kb2 Rc8 37. Bd5 Re8 38. Rh1 Bc1+ 0-1

[Event "ITT Copa DIESA"]
[Site "Asuncion"]
[Date "2011.09.11"]
[Round "3.3"]
[White "Brito, Luismar"]
[Black "Vazquez, Guillermo"]
[Result "1-0"]
[WhiteElo "2297"]
[BlackElo "2180"]
[PlyCount "105"]
[EventDate "2011.03.09"]

1. e4 e6 2. Nf3 d5 3. Nc3 d4 4. Ne2 c5 5. c3 Nf6 6. Ng3 Nc6 7. Bb5 Bd7 8. O-O
a6 9. Bxc6 Bxc6 10. Re1 b5 11. cxd4 cxd4 12. d3 Be7 13. Bf4 O-O 14. Be5 Bb7 15.
Rc1 Nd7 16. Bxd4 Qa5 17. Nh5 g6 18. Nf4 Rfc8 19. Qb3 Qd8 20. Nxe6 fxe6 21.
Qxe6+ Kf8 22. Ne5 Nxe5 23. Qxe5 Qd6 24. Qh8+ Kf7 25. Qxh7+ Ke8 26. Qg7 Kd7 27.
Rxc8 Rxc8 28. a3 Rc2 29. Bc3 Qb6 30. Rf1 a5 31. b4 Qd6 32. f3 Qf4 33. Bd4 Qd2
34. Qxg6 axb4 35. axb4 Qxb4 36. Qf5+ Ke8 37. Qh5+ Kd7 38. Qf5+ Ke8 39. Bf2 Qb2
40. d4 b4 41. d5 Rxf2 42. Qg6+ Kf8 43. Qh6+ Kf7 44. Qh7+ Kf8 45. Qh6+ Ke8 46.
Qg6+ Kd7 47. Qe6+ Ke8 48. Rxf2 Qc1+ 49. Rf1 Qc5+ 50. Kh1 b3 51. Qe5 Ba6 52. Ra1
Bc4 53. Ra8+ 1-0

[Event "ITT Copa DIESA"]
[Site "Asuncion"]
[Date "2011.09.11"]
[Round "3.4"]
[White "Peralta, Eduardo"]
[Black "Villalba, Marcelo"]
[Result "1/2-1/2"]
[WhiteElo "2255"]
[BlackElo "2184"]
[PlyCount "26"]
[EventDate "2011.03.09"]

1. e4 e5 2. Nf3 d6 3. c4 Nf6 4. Nc3 Nbd7 5. g3 c6 6. Bg2 Qc7 7. O-O Be7 8. b3
h6 9. d4 g5 10. Bb2 b6 11. Rc1 Bb7 12. b4 Rd8 13. b5 c5 1/2-1/2

[Event "ITT Copa DIESA"]
[Site "Asuncion"]
[Date "2011.09.11"]
[Round "3.5"]
[White "Riline, Alejandro"]
[Black "Ojeda, Javier"]
[Result "0-1"]
[WhiteElo "2214"]
[BlackElo "2205"]
[PlyCount "132"]
[EventDate "2011.03.09"]

1. e4 c5 2. Nc3 Nc6 3. f4 e6 4. Nf3 d6 5. Bb5 Bd7 6. d3 Nf6 7. O-O Be7 8. Kh1
Nd4 9. Nxd4 cxd4 10. Bxd7+ Nxd7 11. Ne2 Bf6 12. c4 dxc3 13. bxc3 O-O 14. Rb1
Qc7 15. d4 Nb6 16. e5 Be7 17. Rf3 Rfd8 18. Qc2 Nc4 19. Ng3 Qc6 20. Ne4 dxe5 21.
fxe5 Nxe5 22. Rh3 Ng6 23. Qe2 Rd5 24. Bd2 Rc8 25. Rf1 Qc4 26. Qxc4 Rxc4 27.
Rhf3 f6 28. Ng3 Ra5 29. Rb1 Rxa2 30. Rd3 b6 31. Nf1 Rca4 32. Be3 Ra1 33. Rdd1
Rxb1 34. Rxb1 Nh4 35. Bf2 Nf5 36. Kg1 Nd6 37. Nd2 Ra2 38. Be1 Rc2 39. Rb3 b5
40. Ra3 Kf8 41. Rxa7 Rxc3 42. Nf3 Rc1 43. Kf2 Rb1 44. Ra8+ Kf7 45. Rb8 Rb2+ 46.
Kf1 Ne4 47. Rb7 b4 48. d5 e5 49. d6 Nxd6 50. Rxb4 Rxb4 51. Bxb4 Nc4 52. Be1 Bc5
53. Ke2 Ke6 54. Bc3 Kd5 55. g4 Nd6 56. h4 Nb5 57. Ba5 e4 58. Ne1 Nd4+ 59. Kf1
e3 60. Nd3 Bd6 61. Bd8 Ke4 62. Ne1 Bg3 63. Ba5 Bxh4 64. Ng2 e2+ 65. Kg1 e1=Q+
66. Bxe1 Bxe1 0-1

[Event "ITT Copa DIESA"]
[Site "Asuncion"]
[Date "2011.09.12"]
[Round "4.1"]
[White "Latorre, Matias"]
[Black "Ojeda, Javier"]
[Result "1-0"]
[WhiteElo "2141"]
[BlackElo "2205"]
[PlyCount "77"]
[EventDate "2011.03.09"]

1. d4 d5 2. c4 c6 3. Nf3 Nf6 4. e3 e6 5. b3 Bb4+ 6. Nbd2 Ne4 7. Bd3 O-O 8. a3
Bc3 9. Ra2 f5 10. O-O Ba5 11. Qc2 Nd7 12. a4 Bc7 13. Ba3 Rf6 14. Rc1 Rh6 15.
Nf1 g5 16. Ne1 Ndf6 17. cxd5 Qxd5 18. Bc4 Qd8 19. f3 Nd6 20. Bxd6 Qxd6 21. Qxf5
Rg6 22. Nd3 Nd5 23. Qe4 Nf6 24. Qe5 Qe7 25. Qc5 Bd6 26. Qa5 Nd5 27. e4 Bc7 28.
Qd2 Nb6 29. e5 Nd7 30. Qe3 b6 31. b4 Bb7 32. a5 bxa5 33. bxa5 Rf8 34. Ng3 Kh8
35. Ne4 Bc8 36. Bb5 Bxe5 37. dxe5 cxb5 38. Nd6 Rfg8 39. Rac2 1-0

[Event "ITT Copa DIESA"]
[Site "Asuncion"]
[Date "2011.09.12"]
[Round "4.2"]
[White "Villalba, Marcelo"]
[Black "Riline, Alejandro"]
[Result "1/2-1/2"]
[WhiteElo "2184"]
[BlackElo "2214"]
[PlyCount "41"]
[EventDate "2011.03.09"]

1. e4 e5 2. Nc3 Nf6 3. g3 d6 4. Bg2 Be7 5. Nge2 Nbd7 6. O-O c6 7. a4 b6 8. d4
Qc7 9. h3 h5 10. Be3 a6 11. f4 Bb7 12. Qe1 O-O 13. Qf2 b5 14. axb5 axb5 15. b4
Rxa1 16. Rxa1 Ra8 17. Rxa8+ Bxa8 18. fxe5 dxe5 19. dxe5 Nxe5 20. Bc5 Bb7 21.
Qd4 1/2-1/2

[Event "ITT Copa DIESA"]
[Site "Asuncion"]
[Date "2011.09.12"]
[Round "4.3"]
[White "Vazquez, Guillermo"]
[Black "Peralta, Eduardo"]
[Result "1-0"]
[WhiteElo "2180"]
[BlackElo "2255"]
[PlyCount "109"]
[EventDate "2011.03.09"]

1. d4 Nf6 2. Nf3 g6 3. Bf4 Bg7 4. e3 O-O 5. Be2 d6 6. O-O b6 7. a4 a5 8. h3 Bb7
9. c4 c5 10. Nc3 Na6 11. d5 Ne8 12. Qd2 Nb4 13. Rad1 Qd7 14. e4 Rd8 15. e5 Qf5
16. g4 Qc8 17. Rfe1 dxe5 18. Nxe5 Nd6 19. Bf1 Rfe8 20. Nb5 Nxb5 21. axb5 f6 22.
Nd3 e5 23. Bh6 Bxh6 24. Qxh6 Nc2 25. Re4 Nd4 26. Bg2 Qc7 27. Rde1 Bc8 28. f4
Nc2 29. Rf1 f5 30. Rxe5 fxg4 31. d6 Qg7 32. Qxg7+ Kxg7 33. Bc6 Rf8 34. d7 Bxd7
35. Re7+ Kf6 36. Rxd7 Rxd7 37. Bxd7 g3 38. Ne5 Rd8 39. Rd1 Nd4 40. Kg2 g5 41.
Bg4 gxf4 42. Nd7+ Kg5 43. Nxb6 h5 44. Bf3 Re8 45. Nd5 Nf5 46. Kf1 Nh4 47. Rd3
a4 48. b6 Ng6 49. Nc7 Rb8 50. b7 Ne5 51. Rd5 Kf6 52. Rxe5 Kxe5 53. Na6 Rxb7 54.
Bxb7 Kd4 55. Bd5 1-0

[Event "ITT Copa DIESA"]
[Site "Asuncion"]
[Date "2011.09.12"]
[Round "4.5"]
[White "Dolezal, Cristian"]
[Black "Perdomo, Leandro"]
[Result "1/2-1/2"]
[WhiteElo "2392"]
[BlackElo "2382"]
[PlyCount "29"]
[EventDate "2011.03.09"]

1. e4 e5 2. Nf3 Nc6 3. Bb5 a6 4. Bxc6 dxc6 5. Nc3 Qd6 6. d4 exd4 7. Qxd4 Qxd4
8. Nxd4 Bd7 9. Bf4 O-O-O 10. O-O-O Ne7 11. f3 Ng6 12. Bg3 Bb4 13. Nce2 Rhe8 14.
c3 Bd6 15. Bxd6 1/2-1/2

[Event "ITT Copa DIESA"]
[Site "Asuncion"]
[Date "2011.09.14"]
[Round "5.1"]
[White "Perdomo, Leandro"]
[Black "Latorre, Matias"]
[Result "0-1"]
[WhiteElo "2382"]
[BlackElo "2141"]
[PlyCount "48"]
[EventDate "2011.03.09"]

1. d4 d5 2. c4 c6 3. Nf3 Nf6 4. e3 Bf5 5. cxd5 cxd5 6. Nc3 e6 7. Ne5 Nfd7 8.
Qb3 Nc6 9. Nxd7 Qxd7 10. Bd2 Bd6 11. Be2 O-O 12. Rc1 Rac8 13. O-O Qc7 14. g3
Na5 15. Qa4 Nc4 16. Nb5 Qd7 17. Bxc4 dxc4 18. Rxc4 Bh3 19. Rfc1 Bb4 20. Bxb4
Qd5 21. f3 Qxf3 22. Qc2 Rxc4 23. Bc3 Qxe3+ 24. Kh1 Bf5 0-1

[Event "ITT Copa DIESA"]
[Site "Asuncion"]
[Date "2011.09.14"]
[Round "5.2"]
[White "Brito, Luismar"]
[Black "Dolezal, Cristian"]
[Result "0-1"]
[WhiteElo "2297"]
[BlackElo "2392"]
[PlyCount "96"]
[EventDate "2011.03.09"]

1. e4 e5 2. Nf3 Nc6 3. Bb5 a6 4. Ba4 Nf6 5. O-O b5 6. Bb3 Bc5 7. Nxe5 Nxe5 8.
d4 Bxd4 9. Qxd4 d6 10. f4 Nc6 11. Qc3 Bb7 12. e5 Ne4 13. Qe1 Nd4 14. Nc3 Nxb3
15. axb3 Nxc3 16. bxc3 O-O 17. Be3 f6 18. Rd1 fxe5 19. fxe5 Rxf1+ 20. Qxf1 Qe8
21. Qf5 dxe5 22. h3 a5 23. Qg4 Qg6 24. Qxg6 hxg6 25. Bc5 Be4 26. Rd2 Bc6 27.
Kf2 Kf7 28. Ke3 a4 29. bxa4 bxa4 30. Ba3 Ke6 31. h4 Rh8 32. g3 g5 33. Rh2 Rh6
34. Kd3 Rf6 35. h5 Bd5 36. Kd2 g4 37. Re2 Rf3 38. Re3 Rf5 39. c4 Bc6 40. Kc3
Rf3 41. Bc1 Kf5 42. Kb4 Rxe3 43. Bxe3 Ke4 44. h6 gxh6 45. Bxh6 Kf3 46. Bg7 e4
47. Be5 e3 48. Kc3 e2 0-1

[Event "ITT Copa DIESA"]
[Site "Asuncion"]
[Date "2011.09.14"]
[Round "5.4"]
[White "Riline, Alejandro"]
[Black "Vazquez, Guillermo"]
[Result "1/2-1/2"]
[WhiteElo "2214"]
[BlackElo "2180"]
[PlyCount "84"]
[EventDate "2011.03.09"]

1. d4 Nf6 2. c4 g6 3. Nc3 Bg7 4. e4 d6 5. f4 O-O 6. Nf3 c5 7. d5 e6 8. dxe6
fxe6 9. Bd3 Nc6 10. O-O Nd4 11. Nxd4 cxd4 12. Nb5 a6 13. Nxd4 Qb6 14. Be3 Ng4
15. Qxg4 Bxd4 16. Bf2 Qxb2 17. Rab1 Bxf2+ 18. Rxf2 Qd4 19. Rd1 e5 20. Qh4 b5
21. Bc2 Qc5 22. Rd5 Qb6 23. c5 dxc5 24. Rxe5 Ra7 25. Qg5 c4 26. h4 Raf7 27. g3
Qe3 28. f5 Qc3 29. Rd5 Bb7 30. Rdd2 Qa1+ 31. Kh2 Qe5 32. Rf4 Kh8 33. f6 Qa1 34.
Rdf2 b4 35. Qc5 Qxa2 36. e5 Rc8 37. Qxb4 Qa1 38. Be4 a5 39. Qd6 Bxe4 40. Rxe4
Re8 41. Rxc4 Qe1 42. Qd2 Qxe5 1/2-1/2

[Event "ITT Copa DIESA"]
[Site "Asuncion"]
[Date "2011.09.14"]
[Round "5.5"]
[White "Ojeda, Javier"]
[Black "Villalba, Marcelo"]
[Result "1/2-1/2"]
[WhiteElo "2205"]
[BlackElo "2184"]
[PlyCount "36"]
[EventDate "2011.03.09"]

1. e4 c5 2. Nf3 d6 3. d4 cxd4 4. Nxd4 Nf6 5. Nc3 g6 6. Be3 Bg7 7. f3 O-O 8. Bc4
Nc6 9. Qd2 Ne5 10. Bb3 Nfd7 11. O-O Nb6 12. Qe2 Bd7 13. Nd5 Nc6 14. Qf2 Nxd5
15. Bxd5 Nxd4 16. Bxd4 Bxd4 17. Qxd4 Qc7 18. Rf2 Bc6 1/2-1/2

[Event "ITT Copa DIESA"]
[Site "Asuncion"]
[Date "2011.09.15"]
[Round "6.1"]
[White "Latorre, Matias"]
[Black "Villalba, Marcelo"]
[Result "1/2-1/2"]
[WhiteElo "2141"]
[BlackElo "2184"]
[PlyCount "76"]
[EventDate "2011.03.09"]

1. d4 c5 2. d5 d6 3. Nc3 g6 4. e4 Bg7 5. Bb5+ Bd7 6. a4 Nf6 7. f4 a6 8. Bc4 O-O
9. Nf3 Bg4 10. O-O Nbd7 11. Qe1 Bxf3 12. Rxf3 g5 13. fxg5 Ng4 14. Qh4 Bd4+ 15.
Kf1 Nde5 16. Rh3 h6 17. Be2 f5 18. gxf6 Rxf6+ 19. Rf3 Nxf3 20. Qxg4+ Ng5+ 21.
Bf3 Qc8 22. Qh5 Nxf3 23. gxf3 Qf8 24. f4 Rxf4+ 25. Bxf4 Qxf4+ 26. Kg2 Kh8 27.
Qe2 Rg8+ 28. Kh1 Rg4 29. Rf1 Qg5 30. Qe1 Rg2 31. Ne2 Qg4 32. Nxd4 cxd4 33. Rf8+
Kg7 34. Qf1 Rxh2+ 35. Kxh2 Qh4+ 36. Kg1 Qg3+ 37. Kh1 Qh4+ 38. Kg2 Qg4+ 1/2-1/2

[Event "ITT Copa DIESA"]
[Site "Asuncion"]
[Date "2011.09.15"]
[Round "6.2"]
[White "Vazquez, Guillermo"]
[Black "Ojeda, Javier"]
[Result "1-0"]
[WhiteElo "2180"]
[BlackElo "2205"]
[PlyCount "133"]
[EventDate "2011.03.09"]

1. d4 d5 2. Nf3 Nf6 3. Bf4 c6 4. e3 Bf5 5. c4 e6 6. Qb3 Qb6 7. c5 Qxb3 8. axb3
Nbd7 9. b4 Nh5 10. b5 Nxf4 11. exf4 Be7 12. Nc3 O-O 13. b4 a6 14. bxa6 bxa6 15.
Kd2 Rfb8 16. Ra4 a5 17. b5 cxb5 18. Nxb5 Nf6 19. Ne5 Ne4+ 20. Ke3 g5 21. fxg5
Bxg5+ 22. f4 Bh6 23. Nc6 e5 24. dxe5 Re8 25. Nc7 Bd7 26. Nxe8 Bxc6 27. Rxe4
Rxe8 28. Rd4 Rxe5+ 29. Kd2 Rf5 30. g3 Bg7 31. Bd3 Bxd4 32. Bxf5 Bxc5 33. Rc1
Bb4+ 34. Ke3 Bb5 35. Kd4 Bc4 36. Bd3 Ba2 37. Ra1 Bb3 38. Rb1 a4 39. Bc2 Bxc2
40. Rxb4 Bb3 41. Ke5 Kg7 42. f5 h5 43. Rb7 Bc2 44. Ra7 d4 45. Kxd4 Kf6 46. Ra5
Bxf5 47. Rxa4 Bc2 48. Ra5 Bd1 49. Ke3 h4 50. Ra1 Bh5 51. Rg1 hxg3 52. Rxg3 Bg6
53. h4 Kf5 54. Rg5+ Kf6 55. Kf4 Bc2 56. h5 Bh7 57. h6 Bg6 58. Rg3 Bh7 59. Rg7
Bg6 60. Ke3 Bf5 61. Kd4 Bg6 62. Kd5 Bd3 63. Kc6 Bf5 64. Kd6 Bd3 65. Kd7 Bb5+
66. Kd8 Ba4 67. Rg2 1-0

[Event "ITT Copa DIESA"]
[Site "Asuncion"]
[Date "2011.09.15"]
[Round "6.4"]
[White "Dolezal, Cristian"]
[Black "Peralta, Eduardo"]
[Result "1/2-1/2"]
[WhiteElo "2392"]
[BlackElo "2255"]
[PlyCount "114"]
[EventDate "2011.03.09"]

1. e4 e6 2. d3 d5 3. Nd2 Nc6 4. c3 Nf6 5. Ngf3 dxe4 6. dxe4 Bc5 7. Bb5 Bd7 8.
O-O O-O 9. b4 Be7 10. a3 a6 11. Bd3 e5 12. Nc4 Bg4 13. h3 Bh5 14. Qe2 Nd7 15.
g4 Bg6 16. Rd1 Re8 17. Bc2 Qc8 18. Bb3 Bd8 19. Ne1 Nf6 20. f3 Na7 21. Nd3 Nb5
22. Bb2 Nd7 23. Qh2 Bf6 24. a4 Nd6 25. Nxd6 cxd6 26. a5 b5 27. h4 h5 28. g5 Bd8
29. Rac1 Ra7 30. c4 bxc4 31. Rxc4 Rc7 32. Rdc1 Rxc4 33. Bxc4 Qb8 34. Bd5 Kh7
35. Rc6 Nf8 36. Qc2 Qa7+ 37. Kg2 f5 38. Nf2 fxe4 39. Bxe4 Re6 40. Bc1 Qf7 41.
Rxa6 d5 42. Bxg6+ Nxg6 43. Rxe6 Qxe6 44. Kg3 Be7 45. Qa2 e4 46. fxe4 Qe5+ 47.
Kg2 Nxh4+ 48. Kf1 dxe4 49. Qe2 g6 50. Qxe4 Qb5+ 51. Kg1 Bxg5 52. a6 Bxc1 53.
Qe7+ Kh6 54. Qf8+ Kh7 55. Qf7+ Kh6 56. Qf8+ Kh7 57. Qf7+ Kh6 1/2-1/2

[Event "ITT Copa DIESA"]
[Site "Asuncion"]
[Date "2011.09.15"]
[Round "6.5"]
[White "Perdomo, Leandro"]
[Black "Brito, Luismar"]
[Result "1-0"]
[WhiteElo "2382"]
[BlackElo "2297"]
[PlyCount "73"]
[EventDate "2011.03.09"]

1. d4 Nf6 2. c4 e6 3. Nf3 c5 4. d5 exd5 5. cxd5 b5 6. Bg5 h6 7. Bxf6 Qxf6 8.
Qc2 d6 9. e4 a6 10. a4 b4 11. Nbd2 Bg4 12. e5 dxe5 13. Ne4 Qf4 14. Nfd2 Bf5 15.
Bd3 Bxe4 16. Nxe4 Nd7 17. O-O h5 18. g3 Qh6 19. h4 Bd6 20. Qe2 Be7 21. d6 Bd8
22. Bxa6 f5 23. Ng5 e4 24. Nxe4 O-O 25. Bc4+ Kh8 26. Bb5 Nf6 27. Ng5 Ng4 28.
Nf7+ Rxf7 29. Qe8+ Kh7 30. Qxf7 Bf6 31. Bd3 Qg6 32. Qd5 Be5 33. Qxa8 Nxf2 34.
Qf3 Nxd3 35. Qxd3 Bxg3 36. Kh1 Kh6 37. Rxf5 1-0

[Event "ITT Copa DIESA"]
[Site "Asuncion"]
[Date "2011.09.16"]
[Round "7.1"]
[White "Brito, Luismar"]
[Black "Latorre, Matias"]
[Result "0-1"]
[WhiteElo "2297"]
[BlackElo "2141"]
[PlyCount "100"]
[EventDate "2011.03.09"]

1. Nc3 d5 2. e4 e6 3. Nf3 Nf6 4. e5 Nfd7 5. d4 c5 6. dxc5 Nc6 7. Bf4 Be7 8. h4
Nxc5 9. Rh3 f5 10. h5 Ne4 11. Bb5 O-O 12. Kf1 Bc5 13. Bg3 Qa5 14. Bxc6 bxc6 15.
Ne2 Ba6 16. Kg1 Bxe2 17. Qxe2 Rab8 18. b3 Qc3 19. Qe1 Qxe1+ 20. Rxe1 f4 21. Bh4
Rf5 22. c3 Rxh5 23. Nd4 g5 24. f3 Nxc3 25. Bf2 Rxh3 26. gxh3 Bxd4 27. Bxd4 Nb5
28. Bc5 a6 29. Kf2 Kf7 30. Rc1 Rc8 31. Bb6 c5 32. Bxc5 a5 33. Ba3 Rxc1 34. Bxc1
Nd4 35. Bb2 Nc6 36. Ke2 Kg6 37. a3 Kf5 38. Bc3 d4 39. Be1 Kxe5 40. h4 h6 41.
hxg5 hxg5 42. Kd3 Kd5 43. Ke2 e5 44. Kd3 g4 45. fxg4 e4+ 46. Kc2 f3 47. g5 e3
48. Kd1 d3 49. g6 f2 50. g7 Ne7 0-1

[Event "ITT Copa DIESA"]
[Site "Asuncion"]
[Date "2011.09.16"]
[Round "7.2"]
[White "Peralta, Eduardo"]
[Black "Perdomo, Leandro"]
[Result "1/2-1/2"]
[WhiteElo "2255"]
[BlackElo "2382"]
[PlyCount "96"]
[EventDate "2011.03.09"]

1. d4 Nf6 2. Nf3 g6 3. c4 Bg7 4. Nc3 O-O 5. e4 d6 6. h3 a6 7. Bd3 c5 8. d5 b5
9. O-O b4 10. Ne2 Ne8 11. Rb1 Nd7 12. b3 e5 13. g4 Ndf6 14. Nh2 h5 15. Bg5 Qc7
16. Ng3 Nh7 17. Be3 h4 18. Ne2 Qe7 19. Qd2 Nef6 20. a3 a5 21. a4 Nd7 22. f3 Bf6
23. Kh1 Bg5 24. f4 exf4 25. Nxf4 Ne5 26. Bc2 Bd7 27. Rbe1 Rae8 28. Ng2 Kg7 29.
Nf4 Bc8 30. Re2 f6 31. Nf3 Nxf3 32. Rxf3 Bxf4 33. Bxf4 Ng5 34. Rfe3 Nf7 35. Rg2
Ne5 36. Qe1 g5 37. Bh2 Bd7 38. Qc1 Qd8 39. Qd1 Re7 40. Rf2 Be8 41. Qf1 Bg6 42.
Bb1 Qe8 43. Qe2 Qd7 44. Qf1 Qc8 45. Qe2 Qb8 46. Qf1 Qc7 47. Qe2 Rfe8 48. Rf1
Rf8 1/2-1/2

[Event "ITT Copa DIESA"]
[Site "Asuncion"]
[Date "2011.09.16"]
[Round "7.3"]
[White "Riline, Alejandro"]
[Black "Dolezal, Cristian"]
[Result "0-1"]
[WhiteElo "2214"]
[BlackElo "2392"]
[PlyCount "108"]
[EventDate "2011.03.09"]

1. d4 g6 2. c4 Bg7 3. Nc3 c5 4. d5 Bxc3+ 5. bxc3 f5 6. g3 Qa5 7. Bd2 d6 8. h4
Nf6 9. Bg2 Nbd7 10. Qb3 Nb6 11. Bg5 Bd7 12. Bxf6 exf6 13. Rc1 Qa6 14. Nf3 Qxc4
15. Nd2 Qxb3 16. axb3 O-O 17. O-O Rae8 18. e3 Re7 19. c4 a6 20. Ra1 Rb8 21.
Rfb1 Kf7 22. b4 Na4 23. bxc5 dxc5 24. d6 Ree8 25. Bd5+ Kf8 26. Rxb7 Rxb7 27.
Bxb7 Re6 28. Bxa6 Rxd6 29. Bb5 Nc3 30. Ra8+ Ke7 31. Bxd7 Rxd2 32. Bc6 Nd1 33.
Ra7+ Kf8 34. Rxh7 Nxf2 35. Bd5 Ng4 36. Rf7+ Ke8 37. Rc7 Rd1+ 38. Kg2 Nxe3+ 39.
Kf3 Nxd5 40. cxd5 Rxd5 41. Rg7 c4 42. Rc7 Rd4 43. Ke3 Rg4 44. Kf3 Kd8 45. Rc5
Ke7 46. Rc8 Kd6 47. Rd8+ Kc5 48. Rc8+ Kb4 49. Rb8+ Ka3 50. Ra8+ Kb2 51. Rb8+
Kc2 52. Rb6 Kd3 53. Rd6+ Rd4 54. Rxf6 c3 0-1

[Event "ITT Copa DIESA"]
[Site "Asuncion"]
[Date "2011.09.16"]
[Round "7.5"]
[White "Villalba, Marcelo"]
[Black "Vazquez, Guillermo"]
[Result "1/2-1/2"]
[WhiteElo "2184"]
[BlackElo "2180"]
[PlyCount "47"]
[EventDate "2011.03.09"]

1. e4 e6 2. d4 d5 3. Nc3 dxe4 4. Nxe4 Bd7 5. Nf3 Bc6 6. Bd3 Nd7 7. Qe2 Ngf6 8.
O-O Be7 9. Bg5 O-O 10. Rad1 Nd5 11. c4 N5f6 12. Bb1 Bxe4 13. Bxe4 Nxe4 14. Bxe7
Nc3 15. Qd3 Qxe7 16. Qxc3 c6 17. d5 cxd5 18. cxd5 exd5 19. Rxd5 Nf6 20. Re5 Qd6
21. Qb3 b6 22. Rd1 Qc7 23. Re3 Rad8 24. Red3 1/2-1/2